Science Quiz

Random Science Quiz

Northwest Tree Image Quiz Stats

 Plays Quiz not verified by Sporcle

Challenge
Share
Tweet
Score 0/10 Timer 03:00
0 Plays Today
Picture Tree % Correct
Apple Tree
84.1%
Douglas Fir
64.1%
Western Red Cedar
51.2%
Big Leaf Maple
46.5%
Western Hemlock
40%
Red Alder
31.2%
Grand Fir
25.3%
Oregon White Oak
25.3%
Lodgepole Pine
23.5%
Golden Weeping Willow
15.9%

You're not logged in!

Compare scores with friends on all Sporcle quizzes.
Join for Free
OR
Log In

You Might Also Like...

Show Comments

Extras

Top Quizzes Today


Score Distribution

Your Account Isn't Verified!

In order to create a playlist on Sporcle, you need to verify the email address you used during registration. Go to your Sporcle Settings to finish the process.

Report this User

Report this user for behavior that violates our Community Guidelines.

Details: